A sermon preach'd before the honourable company of merchants trading to the Levant-seas, at St. Hellen's, January 16, being Sunday, 1697/8 /

Bibliographic Details
Main Author: Chishull, Edmund, 1671-1733
Format: Microform Book
Language:English
Series:Early English books, 1641-1700 ; 733:27.
Subjects:

MARC

Tag First Indicator Second Indicator Subfields
LEADER 00000cam a2200000 a 4500
001 in00000965607
005 20150927073806.0
007 hd afv|||baca
008 851223s1698 miu a 00010 eng d
035 |a (OCoLC)12952457 
035 |9 AEV3603AM 
037 |a CL0037000022  |b UMI 
037 |b University Microfilms International, 300 N. Zeeb Road, Ann Arbor, MI 48106. 
040 |a EAA  |c EAA  |d m/c  |d UMI  |d UtOrBLW 
045 0 |b d16980116 
049 |a TXAI 
099 |a film   |a  B   |a  3609 
100 1 |a Chishull, Edmund,  |d 1671-1733. 
245 1 2 |a A sermon preach'd before the honourable company of merchants trading to the Levant-seas, at St. Hellen's, January 16, being Sunday, 1697/8 /  |c by Edm. Chishull ... 
264 3 |a London :  |b Printed for S. Manship ...,  |c 1698. 
300 |a 4 unnumbered pages, 27 pages 
336 |a text  |b txt  |2 rdacontent 
337 |a microform  |b h  |2 rdamedia 
338 |a microfilm reel  |b hd  |2 rdacarrier 
500 |a Marginal notes. 
500 |a Reproduction of original in Huntington Library. 
510 4 |a Wing  |c C3901 
533 |a Microfilm.  |b Ann Arbor, Mich. :  |c University Microfilms,  |d 1977.  |e 1 microfilm reel. 35 mm.  |f (Early English books, 1641-1700 ; 733:27) 
500 |a Microform. 
630 0 0 |a Bible.  |p Psalms CVII, 23-24  |x Sermons. 
650 0 |a Sermons, English  |y 17th century. 
830 0 |a Early English books, 1641-1700 ;  |v 733:27. 
999 |a MARS 
999 f f |s 84f546c7-aee0-3816-83a3-50f2605e04ec  |i ac913463-0f4c-3f8a-9ac0-fdbf6316bc3c  |t 0 
952 f f |p default  |a Texas A&M University  |b College Station  |c Sterling C. Evans Library  |d Evans: Microforms (3rd floor)  |t 0  |e film B 3609 733:27  |h Other scheme  |i microform -- microfilm reel 
998 f f |a film B 3609 733:27  |t 0  |l Evans: Microforms (3rd floor)